书目信息 |
| 题名: |
万国之上犹有人类在
|
|
| 作者: | 李庆明 主编 ;李冰 编选 | |
| 分册: | ||
| 出版信息: | 南昌 二十一世纪出版社 2011 |
|
| 页数: | 301页 | |
| 开本: | 23cm | |
| 丛书名: | ||
| 单 册: | ||
| 中图分类: | D648.3 | |
| 科图分类: | ||
| 主题词: | 公民教育--中国--青年读物 , 公民教育 | |
| 电子资源: | ||
| ISBN: | 978-7-5391-6972-9 | |
| 000 | 00884nam0 22002531 450 | |
| 001 | 2354103000 | |
| 005 | 20231129034710.52 | |
| 010 | @a978-7-5391-6972-9@dCNY30.00 | |
| 100 | @a20120716d2011 em y0chiy50 ea | |
| 101 | 0 | @achi |
| 102 | @aCN@b360000 | |
| 105 | @aa z 000yy | |
| 200 | 1 | @a万国之上犹有人类在@Awan guo zhi shang you you ren lei zai@f李庆明主编@g李冰编选 |
| 210 | @a南昌@c二十一世纪出版社@d2011 | |
| 215 | @a301页@c图,照片@d23cm | |
| 300 | @a公民读本 世界编 | |
| 330 | @a本书分“战争与和平”、“另一种话”、“面对明天让我们从容些”、“要桥梁,不要围墙”、“苦难记忆”五个部分,讲述构建一个新的道德结构日益重要 | |
| 606 | 0 | @a公民教育@y中国@j青年读物 |
| 606 | 0 | @a公民教育 |
| 690 | @aD648.3@v4 | |
| 701 | 0 | @a李庆明@Ali qing ming@f(1959~)@4主编 |
| 702 | 0 | @a李冰@Ali bing@c(女,@f1969~)@4编选 |
| 801 | 0 | @aCN@b91MARC@c20130904 |
| 905 | @aZUCC@dD648.3@e18 | |
| 万国之上犹有人类在/李庆明主编/李冰编选.-南昌:二十一世纪出版社,2011 |
| 301页:图,照片;23cm |
| 公民读本 世界编 |
| ISBN 978-7-5391-6972-9:CNY30.00 |
| 本书分“战争与和平”、“另一种话”、“面对明天让我们从容些”、“要桥梁,不要围墙”、“苦难记忆”五个部分,讲述构建一个新的道德结构日益重要 |
| ● |
| 相关链接 |
|
|
|
正题名:万国之上犹有人类在
索取号:D648.3/18
 
预约/预借
| 序号 | 登录号 | 条形码 | 馆藏地/架位号 | 状态 | 备注 |
| 1 | 2001005682 | 2001005682 | 辽宁一、悦读混合/辽宁北配(第三批)/辽批27/ [索取号:D648.3/18] | 在馆 | |
| 2 | 2001005683 | 2001005683 | 辽宁一、悦读混合/辽宁北配(第三批)/辽批27/ [索取号:D648.3/18] | 在馆 | |
| 3 | 2001005684 | 2001005684 | 辽宁一、悦读混合/辽宁北配(第三批)/辽批27/ [索取号:D648.3/18] | 在馆 | |
| 4 | 2001005685 | 2001005685 | 辽宁一、悦读混合/辽宁北配(第三批)/辽批27/ [索取号:D648.3/18] | 在馆 | |
| 5 | 2001005686 | 2001005686 | 辽宁一、悦读混合/辽宁北配(第三批)/辽批27/ [索取号:D648.3/18] | 在馆 | |
| 6 | 2001005687 | 2001005687 | 辽宁一、悦读混合/辽宁北配(第三批)/辽批27/ [索取号:D648.3/18] | 在馆 |